Thesis and dissertation writing: (Record no. 1966)

MARC details
000 -LEADER
fixed length control field 00655nam a22001937a 4500
005 - DATE AND TIME OF LATEST TRANSACTION
control field 20230323031234.0
008 - FIXED-LENGTH DATA ELEMENTS--GENERAL INFORMATION
fixed length control field 230323b |||||||| |||| 00| 0 eng d
020 ## - INTERNATIONAL STANDARD BOOK NUMBER
International Standard Book Number 971-08-6513-7
082 ## - DEWEY DECIMAL CLASSIFICATION NUMBER
Classification number G.S./Fil. 001.4 T266 2004
100 ## - MAIN ENTRY--PERSONAL NAME
Personal name Tejero, Erlinda G.
Relator term author
245 ## - TITLE STATEMENT
Title Thesis and dissertation writing:
Remainder of title a modular approach /
Statement of responsibility, etc. Erlinda G. Tejero; Gerry C. Catchillar, coordinator
260 ## - PUBLICATION, DISTRIBUTION, ETC.
Place of publication, distribution, etc. Mandaluyong City:
Name of publisher, distributor, etc. National Book Store,
Date of publication, distribution, etc. c2004
300 ## - PHYSICAL DESCRIPTION
Extent xiii, 250p.
504 ## - BIBLIOGRAPHY, ETC. NOTE
Bibliography, etc. note Includes bibliographies and index
541 ## - IMMEDIATE SOURCE OF ACQUISITION NOTE
Accession number 2093 c.1, 2094 c.2
650 ## - SUBJECT ADDED ENTRY--TOPICAL TERM
Topical term or geographic name entry element Research
650 ## - SUBJECT ADDED ENTRY--TOPICAL TERM
Topical term or geographic name entry element Dissertation
700 ## - ADDED ENTRY--PERSONAL NAME
Personal name Catchillar, Gerry C.
Relator term coordinator
Holdings
Withdrawn status Lost status Source of classification or shelving scheme Damaged status Not for loan Home library Current library Date acquired Total Checkouts Full call number Barcode Date last seen Copy number Price effective from Koha item type
    Dewey Decimal Classification     ctu-moalboal ctu-moalboal 01/17/2012   G.S./Fil. 001.4 T266 2004 2093 03/23/2023 1 03/23/2023 Books - Graduate School
    Dewey Decimal Classification     ctu-moalboal ctu-moalboal 01/17/2012   G.S./Fil. 001.4 T266 2004 2094 03/23/2023 2 03/23/2023 Books - Graduate School